Construction drawings and details for interiors (Record no. 113163)
[ view plain ]
| 000 -LEADER | |
|---|---|
| fixed length control field | 01218cad a22002415a 4500 |
| 001 - CONTROL NUMBER | |
| control field | L154803 |
| 008 - FIXED-LENGTH DATA ELEMENTS--GENERAL INFORMATION | |
| fixed length control field | 120119s2011 xxk f 000 0 eng d |
| 020 ## - INTERNATIONAL STANDARD BOOK NUMBER | |
| International Standard Book Number | 9780470148631 |
| 035 ## - SYSTEM CONTROL NUMBER | |
| System control number | (Sirsi) u154803 |
| 041 0# - LANGUAGE CODE | |
| Language code of text/sound track or separate title | eng |
| 100 1# - MAIN ENTRY--PERSONAL NAME | |
| Personal name | Kilmer, W. Otie |
| 245 00 - TITLE STATEMENT | |
| Title | Construction drawings and details for interiors |
| Medium | [electronic document] |
| 250 ## - EDITION STATEMENT | |
| Edition statement | 2nd ed. |
| 260 ## - PUBLICATION, DISTRIBUTION, ETC. | |
| Name of publisher, distributor, etc. | John Wiley & Sons Inc |
| Date of publication, distribution, etc. | 2011 |
| 300 ## - PHYSICAL DESCRIPTION | |
| Extent | eBook |
| 520 ## - SUMMARY, ETC. | |
| Summary, etc. | This highly visual ebook: includes such details as furniture, finishes, lighting, and others. Features authors' drawings as well as those from practising professionals. Covers drafting fundamentals and conventions; drawing types, plans, and schedules; and computer-aided design. Addresses graphic language as a communication tool. Details the process of creating construction documents, the use of computers, and various reproduction systems and standards. Includes examples of both residential and commercial interiors. |
| 650 24 - SUBJECT ADDED ENTRY--TOPICAL TERM | |
| Topical term or geographic name entry element | EBOOK |
| 651 #4 - SUBJECT ADDED ENTRY--GEOGRAPHIC NAME | |
| Geographic name | United States |
| Chronological subdivision | 1959- |
| 690 ## - LOCAL SUBJECT ADDED ENTRY--TOPICAL TERM (OCLC, RLIN) | |
| Topical term or geographic name as entry element | Design and specification |
| 700 1# - ADDED ENTRY--PERSONAL NAME | |
| Personal name | Kilmer, Rosemary |
| 856 40 - ELECTRONIC LOCATION AND ACCESS | |
| Uniform Resource Identifier | <a href="https://www.vlebooks.com/">https://www.vlebooks.com/</a> |
| Public note | View on VLEbooks. Logins for members only from [email protected] |
| 942 ## - ADDED ENTRY ELEMENTS (KOHA) | |
| Suppress in OPAC | 0 |
| Withdrawn status | Lost status | Source of classification or shelving scheme | Damaged status | Not for loan | Home library | Current library | Shelving location | Date acquired | Total Checkouts | Full call number | Barcode | Date last seen | Copy number | Price effective from | Koha item type |
|---|---|---|---|---|---|---|---|---|---|---|---|---|---|---|---|
| Dewey Decimal Classification | Virtual | Virtual | Online | 19/01/2012 | EBOOK | 154803-1001 | 06/08/2019 | 1 | 06/08/2019 | Book |